|
|
|
|
| LEADER |
00724cam a2200181ua 4500 |
| 008 |
101020t2009||||||||||| 00 ||||| c |
| 082 |
|
|
|a 620.5
|b RAT/N
|
| 100 |
|
|
|a Ratner,, Mark
|
| 245 |
1 |
0 |
|a Nanotechnology: a gentle introduction to the big idea /
|
| 260 |
|
|
|a New Jersey:
|b Pearson education,
|c 2009.
|
| 300 |
|
|
|a 188p..
|
| 362 |
1 |
|
|a 2009.
|
| 650 |
0 |
|
|a Nano technology
|
| 700 |
0 |
2 |
|a Ratner,, Daniel
|
| 942 |
|
|
|c BK
|
| 999 |
|
|
|c 23619
|d 23619
|
| 952 |
|
|
|0 0
|1 0
|4 0
|6 620_500000000000000_RATN
|7 0
|8 Stack
|9 25106
|a KUCL
|b KUCL
|c Stack
|d 2014-05-23
|g 250.00
|l 0
|o 620.5 RAT/N
|p 24231
|r 2014-05-23
|y BK
|
| 952 |
|
|
|0 0
|1 0
|4 0
|6 620_500000000000000_RATN
|7 0
|8 Stack
|9 46158
|a KUCL
|b KUCL
|c Stack
|d 2016-11-01
|g 250.00
|l 0
|o 620.5 RAT/N
|p 43813
|r 2016-11-01
|w 2016-11-01
|y BK
|